The nautical almanac, 1967 (Record no. 544126)
[ view plain ]
| 000 -LEADER | |
|---|---|
| fixed length control field | 00368nam a22001337a 4500 |
| 082 ## - DEWEY DECIMAL CLASSIFICATION NUMBER | |
| Classification number | 528 |
| Author Mark | NAU |
| -- | L-31, P-29 |
| 100 ## - MAIN ENTRY--PERSONAL NAME | |
| Personal name | H.M,S.O |
| 9 (RLIN) | 39678 |
| 245 ## - TITLE STATEMENT | |
| Title | The nautical almanac, 1967 |
| Statement of responsibility, etc. | S.O,H.M |
| 260 ## - PUBLICATION, DISTRIBUTION, ETC. | |
| Place of publication, distribution, etc. | Washington D.C. |
| Name of publisher, distributor, etc. | Her Majesty's Stationary Office |
| Date of publication, distribution, etc. | 1967. |
| 300 ## - PHYSICAL DESCRIPTION | |
| Extent | Misc |
| 526 ## - STUDY PROGRAM INFORMATION NOTE | |
| Program name | 0 |
| Interest level | 0 |
| Reading level | 0 |
| Title point value | 528_000000000000000_NAU |
| 650 ## - SUBJECT ADDED ENTRY--TOPICAL TERM | |
| Topical term or geographic name entry element | MCE |
| 9 (RLIN) | 379 |
| 942 ## - ADDED ENTRY ELEMENTS (KOHA) | |
| Source of classification or shelving scheme | |
| Koha item type | Book |
| Withdrawn status | Lost status | Source of classification or shelving scheme | Damaged status | Not for loan | Permanent Location | Current Location | Date acquired | Total Checkouts | Full call number | Barcode | Date last seen | Price effective from | Koha item type |
|---|---|---|---|---|---|---|---|---|---|---|---|---|---|
| Military College of Engineering (MCE) | Military College of Engineering (MCE) | 04/11/2014 | 528 NAU | MCE-2622 | 04/11/2014 | 04/11/2014 | Book |
